BSOP header

Evagrius Ponticus : (Record no. 28902)

MARC details
000 -LEADER
fixed length control field 01188nam a2200241 4500
008 - FIXED-LENGTH DATA ELEMENTS--GENERAL INFORMATION
fixed length control field 070417s2003 nyu b 001 0 eng
020 ## - INTERNATIONAL STANDARD BOOK NUMBER
International Standard Book Number 0809105608 : USD15.28
090 ## - LOCALLY ASSIGNED LC-TYPE CALL NUMBER (OCLC); LOCAL CALL NUMBER (OCLC)
Classification number (OCLC) (R) ; Classification number, CALL (RLIN) (NR) BR60.A62
Local cutter number (OCLC) ; Book number/undivided call number, CALL (RLIN) An2
100 0# - MAIN ENTRY--PERSONAL NAME
Personal name Evagrius,
Titles and other words associated with a name Ponticus,
Dates associated with a name 345?-399.
240 10 - UNIFORM TITLE
Uniform title Ad monachos.
Language of a work English & Greek
245 10 - TITLE STATEMENT
Title Evagrius Ponticus :
Remainder of title Ad monachos /
Statement of responsibility, etc translation and commentary by Jeremy Driscoll.
246 30 - VARYING FORM OF TITLE
Title proper/short title Ad monachos
260 ## - PUBLICATION, DISTRIBUTION, ETC. (IMPRINT)
Place of publication, distribution, etc New York :
Name of publisher, distributor, etc Newman Press,
Date of publication, distribution, etc c2003.
300 ## - PHYSICAL DESCRIPTION
Extent xiv, 398 p. ;
Dimensions 23 cm.
490 1# - SERIES STATEMENT
Series statement Ancient Christian writers ;
Volume number/sequential designation no. 59
504 ## - BIBLIOGRAPHY, ETC. NOTE
Bibliography, etc Includes bibliographical references (p. 357-373) and indexes.
505 0# - FORMATTED CONTENTS NOTE
Formatted contents note Introduction: The condition of the text -- pt. 1. Ad monachos in Greek and in English translation -- pt. 2. The structure of Ad monachos -- pt. 3. Situating this kind of Christian literature -- pt. 4. Commentary on individual proverbs.
600 14 - SUBJECT ADDED ENTRY--PERSONAL NAME
Personal name Evagrius,
Titles and other words associated with a name Ponticus,
Dates associated with a name 345?-399.
Title of a work Ad monachos.
650 #4 - SUBJECT ADDED ENTRY--TOPICAL TERM
Topical term or geographic name as entry element Monastic and religious life
General subdivision Early works to 1800.
650 #4 - SUBJECT ADDED ENTRY--TOPICAL TERM
Topical term or geographic name as entry element Spiritual life
General subdivision Christianity
-- Early works to 1800.
951 ## - EQUIVALENCE OR CROSS-REFERENCE-GEOGRAPHIC NAME/AREA NAME [OBSOLETE] [CAN/MARC only]
General subdivision 00034570
700 1# - ADDED ENTRY--PERSONAL NAME
Personal name Driscoll, Jeremy,
Dates associated with a name 1951-
951 ## - EQUIVALENCE OR CROSS-REFERENCE-GEOGRAPHIC NAME/AREA NAME [OBSOLETE] [CAN/MARC only]
-- 30469
-- BR60.A62/An2-LVIX
-- 070613111635093
-- 2000-12-21
-- REF
Holdings
Withdrawn status Lost status Damaged status Not for loan Home library Current library Shelving location Date acquired Accession number Shelving control number Total Checkouts Full call number Barcode Date last seen Price effective from Koha item type
        BSOP Library BSOP Library Reference 12/21/2000 30469 127   BR60.A62/An2-LVIX 00034570 02/23/2013 02/23/2013 Books
BSOP

Biblical Seminary of the Philippines
  All rights Reserved
  © 2024

CONTACT INFORMATION

Biblical Seminary of the Philippines,
  77-B Karuhatan Road, Valenzuela City,
  PHILIPPINES 1441
  Phone: +632 8292-6795 / 8292-6798
  Fax : +632 8292-6675
  Email: library@bsop.edu.ph